000 00651nam a2200193 i 4500
001 146612
003 ES-MaACL
005 20230906201615.0
007 t|
008 070913s1913 fr ||||1| fre d
100 1 _aTougan-Baranonosky, Michel.
_9111119
245 1 3 _aL'evolution historique du socialisme moderne /
_cMichel Tougan-Baranonosky ; traduit par Joseph Schapiro.
260 _aVilleneuve-Saint Georges :
_b[s.n.],
_c1913 (
_fImp. Coopérative ouvriere)
300 _a246 p. ;
_c23 cm.
490 1 _aSystèmes et Faits Sociaux
830 0 _aSystèmes et Faits Sociaux
_9184011
852 _aES-MaACL
_jF-2783
999 _c146612
_d146612